Figuring out sustainability (Record no. 65064)

MARC details
000 -LEADER
fixed length control field 01010cam a2200205 4500
001 - CONTROL NUMBER
control field ABS62999
008 - FIXED-LENGTH DATA ELEMENTS--GENERAL INFORMATION
fixed length control field 000000n2000 000 0 eng u
035 ## - SYSTEM CONTROL NUMBER
System control number (Sirsi) u108956
100 ## - MAIN ENTRY--PERSONAL NAME
Personal name Hillier, H.
245 ## - TITLE STATEMENT
Title Figuring out sustainability
260 ## - PUBLICATION, DISTRIBUTION, ETC.
Date of publication, distribution, etc. 2000
490 ## - SERIES STATEMENT
Series statement Landscape Design
Volume/sequential designation (294) October 2000, 20-21(2)
520 ## - SUMMARY, ETC.
Summary, etc. The government strategy "A better quality of life", published in May 1999, set out the principles of sustainable development. At the same time government published a set of indicators to assist in monitoring progress, and to help people understand what sustainable development is about and what actions can be taken. Details and considers fifteen headline indicators chosen from the full set of indicators, which highlight the key issues. (For government strategy see: www.detr.gov.uk).
590 ## - LOCAL NOTE (RLIN)
Local note ABS
650 ## - SUBJECT ADDED ENTRY--TOPICAL TERM
Topical term or geographic name entry element SUSTAINABLE DEVELOPMENT
650 ## - SUBJECT ADDED ENTRY--TOPICAL TERM
Topical term or geographic name entry element INDICATORS
650 ## - SUBJECT ADDED ENTRY--TOPICAL TERM
Topical term or geographic name entry element ENVIRONMENTAL PROTECTION
690 ## - LOCAL SUBJECT ADDED ENTRY--TOPICAL TERM (OCLC, RLIN)
Topical term or geographic name as entry element DEVELOPMENT-SUSTAINABLE
942 ## - ADDED ENTRY ELEMENTS (KOHA)
Suppress in OPAC 0
Holdings
Withdrawn status Lost status Source of classification or shelving scheme Damaged status Not for loan Home library Current library Shelving location Date acquired Total Checkouts Full call number Barcode Date last seen Copy number Price effective from Koha item type
    Dewey Decimal Classification     London London Journal article 25/10/2000   ABS62999 108956-1001 06/08/2019 1 06/08/2019 Journal article